| 000 | 00479pab a2200157 454500 | ||
|---|---|---|---|
| 008 | 180718b2004 xxu||||| |||| 00| 0 eng d | ||
| 100 | _aBartolome, Charles A.M. | ||
| 245 | _aWho's in charge of the central city? The conflict between efficiency and equity in the design of a metropolitan area | ||
| 260 | _c2004 | ||
| 300 | _ap.458-83. | ||
| 362 | _aNov | ||
| 650 | _aUrban development | ||
| 700 | _aRoss, Stephen L. | ||
| 773 | _aJournal of Urban Economics | ||
| 909 | _a63400 | ||
| 999 |
_c63400 _d63400 |
||